| Tag |
First Indicator |
Second Indicator |
Subfields |
| LEADER |
00000cas a2200000Ia 4500 |
| 001 |
in00002013147 |
| 005 |
20151031145424.0 |
| 008 |
920615d19uu19uuenkuu m 0 0eng d |
| 035 |
|
|
|a (OCoLC)ocm32564213
|
| 040 |
|
|
|a CAI
|b eng
|c CAI
|d OCL
|d OCLCQ
|d UtOrBLW
|
| 049 |
|
|
|a TXAM
|
| 090 |
|
|
|a TK9001
|b .A345
|
| 130 |
0 |
|
|a AERE-HP/GEN (Series)
|
| 245 |
1 |
0 |
|a AERE-HP/GEN.
|
| 246 |
1 |
|
|a Atomic Energy Research Establishment HP/GEN
|
| 264 |
|
1 |
|a Harwell [England] :
|b Health Physics and Medical Division, Atomic Energy Research Establishment.
|
| 300 |
|
|
|a volumes :
|b illustrations ;
|c 30 cm.
|
| 336 |
|
|
|a text
|b txt
|2 rdacontent
|
| 337 |
|
|
|a unmediated
|b n
|2 rdamedia
|
| 338 |
|
|
|a volume
|b nc
|2 rdacarrier
|
| 500 |
|
|
|a Each number has a distinctive title.
|
| 550 |
|
|
|a Issued by: United Kingdom Atomic Energy Authority, Research Group.
|
| 588 |
|
|
|a Description based on: 39 issued in 1964; title from cover.
|
| 588 |
|
|
|a Latest issue consulted: 39 issued in 1964.
|
| 650 |
|
0 |
|a Nuclear energy.
|
| 710 |
2 |
|
|a United Kingdom Atomic Energy Authority.
|b Research Group.
|
| 710 |
2 |
|
|a Atomic Energy Research Establishment (Harwell, England).
|b Health Physics and Medical Division.
|
| 994 |
|
|
|a C0
|b TXA
|
| 948 |
|
|
|a cataloged
|b h
|c 2014/1/13
|d c
|e coplinger
|f 12:01:17 pm
|
| 999 |
|
|
|a MARS
|
| 999 |
f |
f |
|s 0ab42c44-927e-343c-a8dc-2b9b39ccf4c5
|i c010429b-7b9d-32d7-a89b-6b0048de2e97
|t 0
|
| 952 |
f |
f |
|p ric
|a Texas A&M University
|b Rellis Campus
|c Joint Library Facility
|d Remote Storage
|t 0
|e TK9001 .A345
|h Library of Congress classification
|i unmediated -- volume
|k [no.]39
|m A14852731117
|
| 998 |
f |
f |
|a TK9001 .A345
|s [no.]39
|t 0
|l Remote Storage
|